[Event "AUT-chT2M 2324"]
[Site "Austria"]
[Date "2023.11.05"]
[Round "3.4"]
[White "Khalakhan, Jurij"]
[Black "Singer, Christoph"]
[Result "1-0"]
[WhiteElo "2167"]
[BlackElo "2303"]
[PlyCount "77"]
[EventDate "2023.11.03"]
[EventType "team-tourn"]
[EventRounds "11"]
[EventCountry "AUT"]
[SourceTitle "CB46_2023"]
[SourceDate "2023.11.15"]
[SourceVersion "1"]
[SourceVersionDate "2023.11.15"]
[SourceQuality "1"]
[WhiteTeam "Frauental"]
[BlackTeam "Grieskirchen"]
[WhiteTeamCountry "AUT"]
[BlackTeamCountry "AUT"]

1. d4 d5 2. c4 e6 3. Nc3 Be7 4. Nf3 Nf6 5. Bf4 0-0 6. e3 b6 7. h3 Bb7 8. Be2 dxc4 9. Bxc4 a6 10. 0-0 b5 11. Be2 Nbd7 12. Ne5 Nxe5 13. Bxe5 Nd7 14. Bg3 Nb6 15. Bf3 Bxf3 16. Qxf3 Nc4 17. Qe2 c5 18. dxc5 Bxc5 19. Rfd1 Qb6 20. Na4 bxa4 21. Qxc4 a3 22. bxa3 Rfc8 23. Qb3 Qa7 24. a4 a5 25. Qb5 Rd8 26. Rac1 Rxd1+ 27. Rxd1 Qb6 28. Rd7 Rc8 29. Bc7 Qxb5 30. axb5 Kf8 31. Bxa5 Ke8 32. Rc7 Ra8 33. b6 Rxa5 34. b7 Ba7 35. Rc8+ Kd7 36. Ra8 Rxa2 37. Rxa7 Rxa7 38. b8Q Rc7 39. Qf8 1-0

[Event "AUT-chT 2223"]
[Site "Austria"]
[Date "2023.04.14"]
[Round "10.5"]
[White "Singer, Christoph"]
[Black "Nagy, Gabor"]
[Result "1/2-1/2"]
[WhiteElo "2309"]
[BlackElo "2482"]
[PlyCount "87"]
[EventDate "2022.11.03"]
[EventType "team-tourn"]
[EventRounds "11"]
[EventCountry "AUT"]
[SourceTitle "EXT 2024"]
[Source "ChessBase"]
[SourceDate "2023.10.10"]
[SourceVersion "1"]
[SourceVersionDate "2023.10.10"]
[SourceQuality "1"]
[WhiteTeam "Grieskirchen"]
[BlackTeam "Fuerstenfeld/Hartberg"]
[WhiteTeamCountry "AUT"]
[BlackTeamCountry "AUT"]

1. d4 Nf6 2. Nf3 b6 3. e3 Bb7 4. Bd3 e6 5. 0-0 c5 6. b3 Be7 7. Bb2 cxd4 8. exd4 0-0 9. Nbd2 d6 10. c4 Nbd7 11. Re1 Re8 12. Rc1 Bf8 13. Qc2 Rc8 14. a3 b5 15. Qb1 bxc4 16. Bxc4 Nd5 17. b4 g6 18. Bf1 N7b6 19. Rxc8 Qxc8 20. Rc1 Qa8 21. Qc2 Bh6 22. Qb3 Nf4 23. g3 Nh5 24. Rc7 Bd5 25. Qd1 a5 26. b5 Nf6 27. h4 a4 28. Ng5 Nfd7 29. Qc2 Qd8 30. Nge4 Bf8 31. Ra7 Qb8 32. Qc7 Qxc7 33. Rxc7 e5 34. Nc3 Nf6 35. Nxd5 Nfxd5 36. Rc1 Bh6 37. Rd1 e4 38. Nc4 Nxc4 39. Bxc4 Nb6 40. Bf1 d5 41. Bc3 Bf8 42. Ba5 Rb8 43. Bxb6 Rxb6 44. Rc1 1/2-1/2

[Event "AUT-chT 2223"]
[Site "Austria"]
[Date "2022.11.05"]
[Round "3.5"]
[White "Singer, Christoph"]
[Black "Brunello, Marina"]
[Result "0-1"]
[WhiteElo "2309"]
[BlackElo "2337"]
[PlyCount "124"]
[EventDate "2022.11.03"]
[EventType "team-tourn"]
[EventRounds "11"]
[EventCountry "AUT"]
[SourceTitle "EXT 2024"]
[Source "ChessBase"]
[SourceDate "2023.10.10"]
[SourceVersion "1"]
[SourceVersionDate "2023.10.10"]
[SourceQuality "1"]
[WhiteTeam "Grieskirchen"]
[BlackTeam "Schach ohne Grenzen"]
[WhiteTeamCountry "AUT"]
[BlackTeamCountry "AUT"]

1. Nf3 d5 2. d4 Nf6 3. e3 Bf5 4. Bd3 Bxd3 5. Qxd3 c6 6. Nbd2 g6 7. 0-0 Bg7 8. e4 dxe4 9. Nxe4 Nbd7 10. Re1 0-0 11. Bg5 h6 12. Nxf6+ Nxf6 13. Bf4 Nd5 14. Be5 Qd7 15. c4 Nf6 16. Rad1 Rad8 17. h3 h5 18. Qe3 Rfe8 19. b3 a6 20. Qf4 Qc8 21. Bc7 Rd7 22. Bb6 Rd6 23. Bc5 Re6 24. Ne5 Rf8 25. Ba3 Ne8 26. d5 cxd5 27. cxd5 Rf6 28. Qd2 Nd6 29. Nc4 Qd7 30. Qe2 Qf5 31. Bb2 Rd8 32. Bxf6 Bxf6 33. Nxd6 Rxd6 34. Qd3 Qd7 35. Qf3 h4 36. Qg4 Qb5 37. Qc4 Qb6 38. Rd3 Kg7 39. Rc1 Qa5 40. a4 Bb2 41. Rcd1 Bf6 42. Rc1 Bb2 43. Rcd1 Bf6 44. Qc2 Be5 45. Qd2 Qd8 46. Qb4 g5 47. Qe4 Bf6 48. g3 hxg3 49. fxg3 Rb6 50. Rc1 Qd6 51. Kg2 Qa3 52. Qc4 Rb4 53. Qc2 Re4 54. Kf3 Re5 55. Rcd1 Qd6 56. Qc4 Qb6 57. b4 Rf5+ 58. Kg4 Qf2 59. Qe4 Re5 60. Qf3 Qb2 61. Rb3 Qc2 62. d6 Qc4+ 0-1

[Event "AUT-chT 2223"]
[Site "Austria"]
[Date "2022.11.04"]
[Round "2.4"]
[White "Singer, Christoph"]
[Black "Peyrer, Konstantin"]
[Result "1/2-1/2"]
[WhiteElo "2309"]
[BlackElo "2393"]
[PlyCount "107"]
[EventDate "2022.11.03"]
[EventType "team-tourn"]
[EventRounds "11"]
[EventCountry "AUT"]
[SourceTitle "EXT 2024"]
[Source "ChessBase"]
[SourceDate "2023.10.10"]
[SourceVersion "1"]
[SourceVersionDate "2023.10.10"]
[SourceQuality "1"]
[WhiteTeam "Grieskirchen"]
[BlackTeam "Ottakring"]
[WhiteTeamCountry "AUT"]
[BlackTeamCountry "AUT"]

1. d4 f5 2. Nf3 Nf6 3. Bf4 g6 4. e3 Bg7 5. Bc4 e6 6. Nbd2 d6 7. h3 Nc6 8. c3 Qe7 9. Bh2 0-0 10. 0-0 Kh8 11. Re1 e5 12. dxe5 dxe5 13. Bb5 e4 14. Bxc6 bxc6 15. Ne5 Qe6 16. Qa4 Rb8 17. Ndc4 Rb5 18. Qxa7 Ne8 19. a4 Rxe5 20. Nxe5 Bxe5 21. Bxe5+ Qxe5 22. Qd4 Qxd4 23. cxd4 Be6 24. Rec1 Bd5 25. b4 Nd6 26. b5 cxb5 27. Rxc7 Ra8 28. Rd7 Ra6 29. Rb1 Be6 30. axb5 Rb6 31. Rc7 Bd5 32. Rc5 Bb7 33. Rb4 Kg7 34. Rc7+ Nf7 35. Kh2 Kf6 36. Kg3 h6 37. h4 Nd6 38. Rc5 g5 39. hxg5+ hxg5 40. Rb1 Nf7 41. Rh1 Kg6 42. Ra1 Nd6 43. Rb1 f4+ 44. exf4 Nf5+ 45. Kg4 Nh6+ 46. Kg3 Nf5+ 47. Kg4 gxf4 48. Kxf4 Nxd4 49. Ke3 Nf5+ 50. Ke2 Nd4+ 51. Ke3 Ne6 52. Re5 Rd6 53. Rxe4 Bxe4 54. Kxe4 1/2-1/2

[Event "AUT-chT 2122"]
[Site "Austria"]
[Date "2022.04.23"]
[Round "11.4"]
[White "De Francesco, Klaus"]
[Black "Singer, Christoph"]
[Result "1/2-1/2"]
[WhiteElo "2178"]
[BlackElo "2345"]
[PlyCount "60"]
[EventDate "2021.11.04"]
[EventType "team-tourn"]
[EventRounds "11"]
[EventCountry "AUT"]
[SourceTitle "EXT 2023"]
[Source "ChessBase"]
[SourceDate "2022.10.05"]
[SourceVersion "1"]
[SourceVersionDate "2022.10.05"]
[SourceQuality "1"]
[WhiteTeam "Absam"]
[BlackTeam "Grieskirchen/Schallerbach"]
[WhiteTeamCountry "AUT"]
[BlackTeamCountry "AUT"]

1. d4 d5 2. c4 e6 3. Nf3 a6 4. e3 Nf6 5. a3 dxc4 6. Bxc4 c5 7. 0-0 b5 8. Bd3 Bb7 9. Qe2 Nbd7 10. Rd1 cxd4 11. exd4 Be7 12. a4 bxa4 13. Rxa4 a5 14. Nc3 0-0 15. Ra1 Nd5 16. Ne4 Nb4 17. Bb5 Ba6 18. Bf4 Qb6 19. Bxa6 Qxa6 20. Qxa6 Rxa6 21. Rac1 Nd5 22. Bg3 Rb6 23. Rd2 h6 24. h4 h5 25. Bc7 Rc8 26. Rdc2 Ra6 27. Be5 Rxc2 28. Rxc2 Ra8 29. Bd6 Bxd6 30. Nxd6 Rb8 1/2-1/2

[Event "AUT-chT 2122"]
[Site "Austria"]
[Date "2022.03.25"]
[Round "6.6"]
[White "Singer, Christoph"]
[Black "Mesaros, Florian"]
[Result "1/2-1/2"]
[WhiteElo "2345"]
[BlackElo "2415"]
[PlyCount "71"]
[EventDate "2021.11.04"]
[EventType "team-tourn"]
[EventRounds "11"]
[EventCountry "AUT"]
[SourceTitle "EXT 2023"]
[Source "ChessBase"]
[SourceDate "2022.10.05"]
[SourceVersion "1"]
[SourceVersionDate "2022.10.05"]
[SourceQuality "1"]
[WhiteTeam "Grieskirchen/Schallerbach"]
[BlackTeam "Fuerstenfeld/Hartberg"]
[WhiteTeamCountry "AUT"]
[BlackTeamCountry "AUT"]

1. d4 d5 2. Nf3 Nf6 3. e3 c5 4. Be2 Nc6 5. 0-0 Bg4 6. Nbd2 e6 7. a3 cxd4 8. exd4 Bd6 9. c3 Qc7 10. Re1 0-0 11. Nf1 Ne4 12. Ne5 Bxe2 13. Qxe2 Nxe5 14. dxe5 Bc5 15. Be3 Qb6 16. f3 Bxe3+ 17. Nxe3 Nc5 18. Rad1 Nd7 19. Qf2 Rac8 20. Ng4 Qxf2+ 21. Nxf2 Rc6 22. Nd3 Rfc8 23. Re2 Rc4 24. Kf2 h5 25. g3 Kh7 26. h4 R8c6 27. Nf4 Kh6 28. Nd3 Kg6 29. Nf4+ Kh6 30. Nd3 Nc5 31. Nxc5 R6xc5 32. Ke3 Kg6 33. Rd4 Kf5 34. Kd3 Rc8 35. g4+ Kg6 36. Rg2 1/2-1/2

[Event "BL2-Ost 1920"]
[Site "Germany"]
[Date "2021.08.07"]
[Round "9.6"]
[White "Singer, Christoph"]
[Black "Voekler, Bernd"]
[Result "1-0"]
[WhiteElo "2339"]
[BlackElo "2359"]
[PlyCount "89"]
[EventDate "2019.10.19"]
[EventType "team-tourn"]
[EventRounds "11"]
[EventCountry "GER"]
[SourceTitle "EXT 2023"]
[Source "ChessBase"]
[SourceDate "2022.10.05"]
[SourceVersion "1"]
[SourceVersionDate "2022.10.05"]
[SourceQuality "1"]
[WhiteTeam "Bayern Muenchen II"]
[BlackTeam "Erfurt"]
[WhiteTeamCountry "GER"]
[BlackTeamCountry "GER"]

1. Nf3 g6 2. d4 Nf6 3. Nbd2 Bg7 4. e4 d6 5. c3 0-0 6. Bd3 Nbd7 7. 0-0 e5 8. Re1 Re8 9. h3 a6 10. a4 b6 11. d5 h6 12. a5 b5 13. b4 Rb8 14. Rb1 Nh5 15. c4 Nf4 16. Bf1 Nf8 17. cxb5 axb5 18. Kh2 g5 19. g3 Nxh3 20. Bxh3 g4 21. Bg2 gxf3 22. Qxf3 Nh7 23. Nf1 Rf8 24. Ne3 Ng5 25. Qh5 Qf6 26. Nf5 Bxf5 27. Bxg5 hxg5 28. exf5 Qxf5 29. Re2 Qf6 30. Be4 Rfe8 31. Rb3 Qh6 32. Qxh6 Bxh6 33. g4 Bg7 34. Rc3 Rb7 35. Rec2 Re7 36. Rc6 Kf8 37. Kg2 Bf6 38. f3 Bg7 39. Kf2 Bf6 40. Ke3 Bg7 41. Kd3 Bf6 42. Bf5 e4+ 43. fxe4 Be5 44. Bc8 Ra7 45. a6 1-0

[Event "Bayern-chI Bank Hofmann 23rd"]
[Site "Tegernsee"]
[Date "2019.10.28"]
[Round "3"]
[White "Parvanyan, Alfred"]
[Black "Singer, Christoph"]
[Result "0-1"]
[WhiteElo "2107"]
[BlackElo "2339"]
[PlyCount "88"]
[EventDate "2019.10.26"]
[EventType "swiss"]
[EventRounds "9"]
[EventCountry "GER"]
[SourceTitle "CBM 192 Extra"]
[Source "Chessbase"]
[SourceDate "2019.11.06"]
[SourceVersion "1"]
[SourceVersionDate "2019.11.06"]
[SourceQuality "1"]

1. Nf3 d5 2. g3 Nd7 3. Bg2 e5 4. 0-0 Bd6 5. d3 c6 6. Nbd2 Ngf6 7. c4 0-0 8. e3 Re8 9. Qe2 Nc5 10. e4 d4 11. b3 a5 12. Bb2 a4 13. b4 a3 14. Bc1 Na4 15. c5 Nc3 16. Qe1 Bc7 17. Nc4 Nb5 18. Nfd2 Be6 19. Nb1 Ra4 20. f4 Bxc4 21. dxc4 d3 22. cxb5 Qd4+ 23. Be3 Qxa1 24. b6 Bb8 25. Qd2 Qb2 26. Qxd3 Qxb4 27. Nd2 Qb5 28. Qxb5 cxb5 29. Bf3 Rb4 30. Nb1 Nxe4 31. Nxa3 exf4 32. gxf4 f5 33. Rd1 g5 34. Rd7 Bxf4 35. Bxf4 gxf4 36. Rxb7 Nxc5 37. Bd5+ Kh8 38. Rc7 Rb2 39. Bg2 f3 40. Bf1 Rg8+ 41. Kh1 Ne4 42. h3 Ng3+ 43. Kg1 f2+ 44. Kg2 Nxf1+ 0-1

[Event "AUT-chT2M 1920"]
[Site "Austria"]
[Date "2019.10.12"]
[Round "2.5"]
[White "Singer, Christoph"]
[Black "Spindelboeck, Gernot"]
[Result "1/2-1/2"]
[WhiteElo "2338"]
[BlackElo "2227"]
[PlyCount "60"]
[EventDate "2019.10.11"]
[EventType "team-tourn"]
[EventRounds "11"]
[EventCountry "AUT"]
[SourceTitle "CBM 192 Extra"]
[Source "Chessbase"]
[SourceDate "2019.11.06"]
[SourceVersion "1"]
[SourceVersionDate "2019.11.06"]
[SourceQuality "1"]
[WhiteTeam "Grieskirchen/Bad Schallenberg"]
[BlackTeam "Fuerstenfeld/Hartberg II"]
[WhiteTeamCountry "AUT"]
[BlackTeamCountry "AUT"]

1. e4 e6 2. d4 d5 3. exd5 exd5 4. Nf3 Nf6 5. Bd3 Bd6 6. Qe2+ Qe7 7. Qxe7+ Kxe7 8. Bg5 h6 9. Bh4 Be6 10. Nbd2 Nbd7 11. 0-0 Rhe8 12. Rfe1 g5 13. Bg3 Bxg3 14. hxg3 Kf8 15. Ne5 Nxe5 16. Rxe5 Ng4 17. Re2 Bd7 18. Rae1 Rxe2 19. Rxe2 Re8 20. Kf1 Rxe2 21. Kxe2 Ke7 22. Nf1 Kd6 23. f3 Nf6 24. Ne3 Be6 25. c3 b6 26. a3 c5 27. b4 c4 28. Bc2 a5 29. Kf2 Bd7 30. Ke2 Ke7 1/2-1/2

[Event "AUT-chT2M 1920"]
[Site "Austria"]
[Date "2019.10.11"]
[Round "1.5"]
[White "Tober, Gerhard"]
[Black "Singer, Christoph"]
[Result "0-1"]
[WhiteElo "2197"]
[BlackElo "2338"]
[PlyCount "84"]
[EventDate "2019.10.11"]
[EventType "team-tourn"]
[EventRounds "11"]
[EventCountry "AUT"]
[SourceTitle "CBM 192 Extra"]
[Source "Chessbase"]
[SourceDate "2019.11.06"]
[SourceVersion "1"]
[SourceVersionDate "2019.11.06"]
[SourceQuality "1"]
[WhiteTeam "St Valentin"]
[BlackTeam "Grieskirchen/Bad Schallenberg"]
[WhiteTeamCountry "AUT"]
[BlackTeamCountry "AUT"]

1. e4 e5 2. Nf3 Nc6 3. Nc3 Nf6 4. d4 Bb4 5. Nxe5 Qe7 6. Nxc6 Qxe4+ 7. Be2 dxc6 8. 0-0 Bxc3 9. bxc3 0-0 10. Re1 Re8 11. Bd2 Qg6 12. Bd3 Rxe1+ 13. Bxe1 Bf5 14. Qf3 Be4 15. Qg3 Qxg3 16. hxg3 Rd8 17. Rd1 Bxd3 18. cxd3 Rd5 19. Rb1 b6 20. Kf1 Ra5 21. Rb2 Ra3 22. Bd2 Kf8 23. Rc2 Ke8 24. Bc1 Ra5 25. c4 Kd7 26. f3 h5 27. Ke2 Ne8 28. Bd2 Ra4 29. Bc1 Nd6 30. g4 hxg4 31. fxg4 b5 32. c5 Ne8 33. Be3 Nf6 34. g5 Nd5 35. Bc1 Nb4 36. Rc3 Nxa2 37. Rc2 Nxc1+ 38. Rxc1 Rxd4 39. Rf1 Ke6 40. Ra1 a5 41. Ke3 Rd5 42. Rxa5 Rxg5 0-1

[Event "Bad Woerishofen op-A 35th"]
[Site "Bad Woerishofen"]
[Date "2019.03.23"]
[Round "9.6"]
[White "Jussupow, Nadejda"]
[Black "Singer, Christoph"]
[Result "1/2-1/2"]
[WhiteElo "2136"]
[BlackElo "2347"]
[PlyCount "66"]
[EventDate "2019.03.15"]
[EventType "swiss"]
[EventRounds "9"]
[EventCountry "GER"]
[SourceTitle "EXT 2020"]
[Source "ChessBase"]
[SourceDate "2019.10.17"]
[SourceVersion "1"]
[SourceVersionDate "2019.10.17"]
[SourceQuality "1"]

1. d4 d5 2. Nf3 Nf6 3. e3 e6 4. Bd3 b6 5. 0-0 Bb7 6. b3 Bd6 7. Bb2 0-0 8. Nbd2 Nbd7 9. Ne5 Ne4 10. a4 a5 11. Nxd7 Qxd7 12. f3 Nxd2 13. Qxd2 c5 14. Qf2 c4 15. bxc4 dxc4 16. Bxc4 Bd5 17. Bxd5 exd5 18. e4 Rac8 19. c3 Rb8 20. e5 Be7 21. f4 f5 22. Ba3 Bxa3 23. Rxa3 b5 24. axb5 Rxb5 25. Rfa1 Rfb8 26. h3 Ra8 27. Qa2 Qb7 28. Ra4 h6 29. Qa3 Ra6 30. Kh2 Rb3 31. Qc5 Rb5 32. Qa3 Rb3 33. Qc5 Rb5 1/2-1/2

[Event "AUT-chT2M 1819"]
[Site "Austria"]
[Date "2019.03.02"]
[Round "10.5"]
[White "Singer, Christoph"]
[Black "Csonka, Attila Istvan"]
[Result "0-1"]
[WhiteElo "2337"]
[BlackElo "2353"]
[PlyCount "112"]
[EventDate "2018.10.19"]
[EventType "team-tourn"]
[EventRounds "11"]
[EventCountry "AUT"]
[SourceTitle "CBM 189 Extra"]
[Source "ChessBase"]
[SourceDate "2019.06.03"]
[SourceVersion "1"]
[SourceVersionDate "2019.06.03"]
[SourceQuality "1"]
[WhiteTeam "Grieskirchen/Bad Schallenberg"]
[BlackTeam "Fuerstenfeld/Hartberg"]
[WhiteTeamCountry "AUT"]
[BlackTeamCountry "AUT"]

1. e4 c5 2. Nf3 e6 3. d3 d5 4. Nbd2 Nc6 5. g3 Nf6 6. Bg2 dxe4 7. dxe4 e5 8. 0-0 h6 9. c3 Be6 10. Qe2 Qd7 11. Nc4 Bxc4 12. Qxc4 Rd8 13. Be3 Be7 14. Rad1 Qxd1 15. Rxd1 Rxd1+ 16. Bf1 0-0 17. Qb3 Rd7 18. Bh3 Rc7 19. Qa4 Rd8 20. Nh4 Bf8 21. Nf5 Rcd7 22. Kg2 Rd1 23. Qb5 R8d7 24. Qe2 R7d3 25. Qf3 g6 26. Nh4 Be7 27. Bc8 Nd4 28. cxd4 cxd4 29. Nxg6 fxg6 30. Be6+ Kh7 31. Bb3 Re1 32. Bc4 Rdxe3 33. fxe3 Rxe3 34. Qf1 Rxe4 35. Qf3 d3 36. Bxd3 Rb4 37. b3 e4 38. Qe2 Rd4 39. Bc4 Bb4 40. Qf1 Kg7 41. Qf4 Bd6 42. Qf2 Be5 43. Be6 h5 44. Qe2 Rd3 45. Bc4 Rc3 46. Qd2 Ng4 47. Qd7+ Kh6 48. Qxb7 Rc2+ 49. Kf1 Nxh2+ 50. Ke1 Nf3+ 51. Kd1 Rd2+ 52. Kc1 Bb2+ 53. Kb1 Rh2 54. Bg8 Ba3 55. Qxa7 Rh1+ 56. Kc2 Rc1# 0-1

[Event "AUT-chT2M 1819"]
[Site "Austria"]
[Date "2019.03.01"]
[Round "9.5"]
[White "Mahdy, Khaled"]
[Black "Singer, Christoph"]
[Result "1/2-1/2"]
[WhiteElo "2383"]
[BlackElo "2337"]
[PlyCount "106"]
[EventDate "2018.10.19"]
[EventType "team-tourn"]
[EventRounds "11"]
[EventCountry "AUT"]
[SourceTitle "CBM 189 Extra"]
[Source "ChessBase"]
[SourceDate "2019.06.03"]
[SourceVersion "1"]
[SourceVersionDate "2019.06.03"]
[SourceQuality "1"]
[WhiteTeam "Pinggau Friedberg"]
[BlackTeam "Grieskirchen/Bad Schallenberg"]
[WhiteTeamCountry "AUT"]
[BlackTeamCountry "AUT"]

1. e4 e5 2. Nf3 Nc6 3. Bb5 Nf6 4. d3 d6 5. c3 Be7 6. 0-0 0-0 7. Re1 a6 8. Ba4 Nd7 9. Bc2 Nb6 10. d4 exd4 11. Nxd4 Bd7 12. Nd2 Nxd4 13. cxd4 c5 14. Nf3 Bg4 15. dxc5 dxc5 16. Bf4 Qc8 17. h3 Rd8 18. Qe2 Be6 19. Ng5 Bxg5 20. Bxg5 f6 21. Bh4 Nc4 22. Rad1 Qc6 23. e5 Rxd1 24. Bxd1 Nxe5 25. f4 Ng6 26. Qxe6+ Qxe6 27. Rxe6 Nxh4 28. Rb6 Ra7 29. Bb3+ Kf8 30. Bd5 Ke7 31. Bxb7 a5 32. Kf2 Ng6 33. Kf3 Nf8 34. Ke4 Nd7 35. Rb5 Kd6 36. Bc8 Nf8 37. Kd3 Ng6 38. g3 Ne7 39. Bg4 Nc6 40. Kc4 Re7 41. Bf3 Nd4 42. Rb6+ Kc7 43. Rb7+ Kd6 44. Rb6+ Kc7 45. Rb7+ Kd6 46. Rxe7 Kxe7 47. Be4 f5 48. Bd3 Kd6 49. b3 Kc6 50. Kc3 Kd6 51. Kc4 Kc6 52. Kc3 Kd6 53. Kc4 Kc6 1/2-1/2

[Event "Lienz op 20th"]
[Site "Lienz"]
[Date "2019.02.11"]
[Round "4"]
[White "Singer, Christoph"]
[Black "Sanal, Vahap"]
[Result "0-1"]
[WhiteElo "2338"]
[BlackElo "2497"]
[PlyCount "78"]
[EventDate "2019.02.09"]
[EventType "swiss"]
[EventRounds "9"]
[EventCountry "AUT"]
[SourceTitle "CBM 188 Extra"]
[Source "ChessBase"]
[SourceDate "2019.02.26"]
[SourceVersion "1"]
[SourceVersionDate "2019.02.26"]
[SourceQuality "1"]

1. e4 e5 2. Nf3 Nc6 3. Nc3 Nf6 4. Bb5 Bd6 5. 0-0 0-0 6. Bxc6 dxc6 7. h3 Re8 8. d3 Nd7 9. Be3 c5 10. Nd2 Nf8 11. Nc4 Ng6 12. Nxd6 cxd6 13. Qh5 Be6 14. Kh1 h6 15. f4 exf4 16. Bxf4 Nxf4 17. Rxf4 Qg5 18. Qf3 Qe5 19. Rf1 a6 20. Qf2 b5 21. a3 Rac8 22. Nd1 f6 23. c3 d5 24. d4 cxd4 25. cxd4 Qc7 26. Nc3 dxe4 27. Rxe4 Bf7 28. Rfe1 Rxe4 29. Rxe4 Qd7 30. Qe3 Rc4 31. Ne2 Rc2 32. b4 Qc6 33. Kg1 Ra2 34. Nf4 Rxa3 35. Qe2 Ra1+ 36. Kh2 g5 37. Ne6 Qd6+ 38. g3 Ra3 39. Nf4 Ra2 0-1

[Event "Oberliga Bayern 1819"]
[Site "Bayern"]
[Date "2019.02.03"]
[Round "6.8"]
[White "Singer, Christoph"]
[Black "Huber, Benedikt"]
[Result "1-0"]
[WhiteElo "2344"]
[BlackElo "2116"]
[PlyCount "87"]
[EventDate "2018.10.21"]
[EventType "team-tourn"]
[EventRounds "9"]
[EventCountry "GER"]
[SourceTitle "EXT 2020"]
[Source "ChessBase"]
[SourceDate "2019.10.17"]
[SourceVersion "1"]
[SourceVersionDate "2019.10.17"]
[SourceQuality "1"]
[WhiteTeam "Bayern Muenchen II"]
[BlackTeam "Muenchen Suedost"]
[WhiteTeamCountry "GER"]
[BlackTeamCountry "GER"]

1. e4 e6 2. d4 d5 3. Nd2 c5 4. exd5 Qxd5 5. Ngf3 cxd4 6. Bc4 Qd6 7. 0-0 Nf6 8. Nb3 Nc6 9. Nbxd4 Nxd4 10. Nxd4 a6 11. Re1 Qc7 12. Qe2 Bd6 13. Bg5 0-0 14. Bxf6 gxf6 15. g3 Kh8 16. Bd3 f5 17. Qh5 Qd8 18. Rad1 Qf6 19. Bf1 e5 20. Nf3 Bc7 21. Bc4 Be6 22. Ng5 h6 23. Nxe6 fxe6 24. Rd7 Rac8 25. Red1 e4 26. Qe2 Rfd8 27. c3 b5 28. Bb3 Bb6 29. R7d6 Bc5 30. Rxe6 Qg5 31. Re5 Rxd1+ 32. Qxd1 e3 33. fxe3 Bxe3+ 34. Kh1 Bb6 35. Qe2 Qc1+ 36. Kg2 Rf8 37. Re7 Qg5 38. Qe5+ Qf6 39. Kf3 Qxe5 40. Rxe5 Bg1 41. Kg2 Ba7 42. Kf3 Rf6 43. Re8+ Kg7 44. Re7+ 1-0

[Event "Bayern-ch 89th"]
[Site "Bad Kissingen"]
[Date "2018.08.31"]
[Round "8"]
[White "Singer, Christoph"]
[Black "Bensch, Patrick"]
[Result "0-1"]
[WhiteElo "2361"]
[BlackElo "2197"]
[PlyCount "78"]
[EventDate "2018.08.26"]
[EventType "swiss"]
[EventRounds "9"]
[EventCountry "GER"]
[SourceTitle "CBM 189 Extra"]
[Source "ChessBase"]
[SourceDate "2019.06.03"]
[SourceVersion "1"]
[SourceVersionDate "2019.06.03"]
[SourceQuality "1"]

1. e4 c5 2. Nf3 e6 3. c3 Nf6 4. e5 Nd5 5. d4 cxd4 6. cxd4 d6 7. Bc4 Nc6 8. 0-0 Be7 9. Bd2 0-0 10. Nc3 dxe5 11. dxe5 Nb6 12. Be2 Bd7 13. Re1 Rc8 14. Rc1 Nb4 15. a3 N4d5 16. Ne4 Na4 17. Rxc8 Qxc8 18. Qb1 h6 19. Rc1 Qb8 20. b3 Nab6 21. a4 Bc6 22. Ng3 Nd7 23. Qb2 Rc8 24. Qd4 Bf8 25. Re1 g6 26. Bd3 Bg7 27. Qh4 Nxe5 28. Nxe5 Bxe5 29. Bxh6 Bf4 30. Bxg6 fxg6 31. Rxe6 Be8 32. Ne2 Bxh6 33. Qxh6 Rc6 34. Re4 Nf6 35. Rh4 Qe5 36. Qh8+ Kf7 37. Rh7+ Ke6 38. Ng3 Rc1+ 39. Nf1 Qe1 0-1

[Event "Bayern-ch 89th"]
[Site "Bad Kissingen"]
[Date "2018.08.28"]
[Round "4"]
[White "Salvermoser, Bernd"]
[Black "Singer, Christoph"]
[Result "1/2-1/2"]
[WhiteElo "2217"]
[BlackElo "2361"]
[PlyCount "103"]
[EventDate "2018.08.26"]
[EventType "swiss"]
[EventRounds "9"]
[EventCountry "GER"]
[SourceTitle "CBM 189 Extra"]
[Source "ChessBase"]
[SourceDate "2019.06.03"]
[SourceVersion "1"]
[SourceVersionDate "2019.06.03"]
[SourceQuality "1"]

1. d4 d5 2. c4 e6 3. Nc3 Be7 4. Nf3 Nf6 5. Bg5 0-0 6. cxd5 exd5 7. e3 c6 8. Qc2 Nbd7 9. Bd3 Re8 10. 0-0 Nf8 11. Bxf6 Bxf6 12. Rab1 Be7 13. b4 Bd6 14. Ne2 Bg4 15. Ng3 Bxf3 16. gxf3 Qh4 17. Kg2 Re6 18. Rg1 Rh6 19. Kf1 Rf6 20. b5 Rc8 21. Nf5 Qh3+ 22. Ke1 g6 23. Nxd6 Rxd6 24. Bf5 Qxh2 25. Bxc8 Qxg1+ 26. Ke2 Qg5 27. Bxb7 cxb5 28. Qc5 Qe7 29. Qxa7 Ne6 30. Rxb5 Kg7 31. Kf1 Qc7 32. Qa4 Qd7 33. Qb3 Nc7 34. Rb6 Qh3+ 35. Ke2 Rd8 36. a4 g5 37. Qb1 Ne6 38. Bc6 Rd6 39. Qb4 Nf4+ 40. Kd2 Re6 41. Rb8 Qxf3 42. Qf8+ Kf6 43. Qh8+ Kf5 44. Bd7 Qxf2+ 45. Kc3 Qxe3+ 46. Kb4 Qd2+ 47. Ka3 Qc3+ 48. Ka2 Nd3 49. Qxh7+ Kg4 50. Qxf7 Qc2+ 51. Ka3 Qc3+ 52. Ka2 1/2-1/2

[Event "Pfarrkirchen Rottal op 2nd"]
[Site "Pfarrkirchen"]
[Date "2018.04.01"]
[Round "4"]
[White "Singer, Christoph"]
[Black "Achermann, Didier"]
[Result "1-0"]
[WhiteElo "2370"]
[BlackElo "1757"]
[PlyCount "75"]
[EventDate "2018.03.30"]
[EventType "swiss"]
[EventRounds "7"]
[EventCountry "GER"]
[SourceTitle "CBM 183 Extra"]
[Source "ChessBase"]
[SourceDate "2018.04.19"]
[SourceVersion "1"]
[SourceVersionDate "2018.04.19"]
[SourceQuality "1"]

1. e4 c5 2. Nf3 d6 3. d4 cxd4 4. Qxd4 a6 5. h3 Nf6 6. c4 e6 7. Nc3 Be7 8. Be2 0-0 9. 0-0 Nbd7 10. Bg5 b6 11. a3 Bb7 12. b4 Rc8 13. Rfd1 Re8 14. Rac1 Qc7 15. Qe3 Qb8 16. Bf4 Qa8 17. Bxd6 Nxe4 18. Bxe7 Rxe7 19. Na4 Nef6 20. Nxb6 Nxb6 21. Qxb6 Rec7 22. Qe3 a5 23. b5 Ne4 24. Bf1 Nc5 25. Ne5 a4 26. Rc2 f6 27. Nd7 Be4 28. Rcd2 Nxd7 29. Rxd7 e5 30. Rxc7 Rxc7 31. c5 Bc2 32. Rc1 Bb3 33. c6 Qe8 34. Qc5 Qe6 35. b6 Rc8 36. b7 Re8 37. c7 Bd5 38. c8Q 1-0